ბათუმის შოთა რუსთაველის სახელმწიფო უნივერსიტეტის ბიბლიოთეკა

Handbook of pediatric dentistry / (ბიბ.ჩანაწერი № 57486)

000 -LEADER
fixed length control field 00623nam a22001937a 4500
005 - DATE AND TIME OF LATEST TRANSACTION
control field 20221107123338.0
008 - FIXED-LENGTH DATA ELEMENTS--GENERAL INFORMATION
fixed length control field 200625s2013 eng||||| |||| 00| 0 enk d
020 ## - INTERNATIONAL STANDARD BOOK NUMBER
International Standard Book Number 9780723436959 X
041 ## - LANGUAGE CODE
Language code of text/sound track or separate title eng
080 ## - UNIVERSAL DECIMAL CLASSIFICATION NUMBER
Universal Decimal Classification number 616.31-053 H-22
245 ## - TITLE STATEMENT
Title Handbook of pediatric dentistry /
Statement of responsibility, etc. eDited by Angus C Cameron, Richard P Widmer.
264 ## - PRODUCTION, PUBLICATION, DISTRIBUTION, MANUFACTURE, AND COPYRIGHT NOTICE
Place of production, publication, distribution, manufacture Edinburg :
Name of producer, publisher, distributor, manufacturer Elsevier,
Date of production, publication, distribution, manufacture, or copyright notice 2013.
300 ## - PHYSICAL DESCRIPTION
Extent 542 p.
Other physical details 25 cm.
653 ## - INDEX TERM--UNCONTROLLED
keyword სტომატოლოგია
653 ## - INDEX TERM--UNCONTROLLED
keyword პედიატრია
653 ## - INDEX TERM--UNCONTROLLED
keyword მედიცინა
700 ## - ADDED ENTRY--PERSONAL NAME
Personal name Widmer, R. P.
Relator term რედაქტორი
9 (RLIN) 8816
942 ## - ADDED ENTRY ELEMENTS (KOHA)
Source of classification or shelving scheme
Koha item type წიგნი
ეგზემპლარები
Withdrawn status Lost status Source of classification or shelving scheme Damaged status Not for loan Permanent Location Current Location Shelving location Date acquired Cost, normal purchase price Full call number Barcode Date last seen Copy number Price effective from Koha item type Public note
          ბათუმის შოთა რუსთაველის სახელმწიფო უნივერსიტეტის მთავარი ბიბლიოთეკა ბათუმის შოთა რუსთაველის სახელმწიფო უნივერსიტეტის მთავარი ბიბლიოთეკა წიგნსაცავი 2020-06-25 135.00 616.31-053 H-22 60684 2020-06-25 60684 2020-06-25 წიგნი 135 ლ.